000 00701nam a2200289Ia 4500
005 20260324112333.0
008 008 260324s9999 xx 000 0 eng d
020 _a9781003559559
037 _aEBOOK
040 _aCRL
040 _beng
040 _cCRL
041 _2eng
041 _aeng
084 _qCRL
100 _aPeter Shabad
_91142273
245 0 _aPassion, Shame, and the Freedom to Become
245 0 _bSeizing The Vital Moment in Psychoanalysis
260 _bTaylor and Francis
260 _c2024
365 _a
365 _b205
856 _uhttp://www.taylorfrancis.com/books/9781003559559
942 _cEBOOK
999 _c1731437
_d1731437